000 00687nam a2200241 a 4500
001 13393
003 BD-JhCC
005 20230917092841.0
008 230916b2020 bg |||| ||a| 000 0 ben d
020 _a9789849461852
035 _a(BD-JhCC)13393
040 _aBD-JhCC
_dBD-JhCC
041 _abengali
082 _a923
_bSAI 2020
100 _aসৈকত,ডি কে
245 _aছোটদের জাতির জনক /
_cডি কে সৈকত।
260 _aঢাকা:
_bইন্তামিন প্রকাশন;
_c2020.
300 _a96 p. :
_c22 cm.
600 _aRahaman, Shek Mujiber
650 _aBiography
942 _2ddc
_cBK
999 _c13393
_d13393